Μαθησιακές δραστηριότητες στο νηπιαγωγείο

Αποθηκεύτηκε σε:
Λεπτομέρειες βιβλιογραφικής εγγραφής
Κύριος συγγραφέας: Γκώνια-Μπότσα, Παγώνα Ν.
Άλλοι συγγραφείς: Ραπτοπούλου, Δήμητρα Κ., Φραγκούλης, Μανόλης (Εικονογράφος)
Μορφή: Βιβλίο
Γλώσσα:Greek
Δημοσίευση: Αθήνα : Πατάκης, 1993-1994.
Σειρά:Διδακτική πράξη και θεωρία (Πατάκης)
Θέματα:
Ετικέτες: Προσθήκη ετικέτας
Δεν υπάρχουν, Καταχωρήστε ετικέτα πρώτοι!

MARC

LEADER 00000cam a2200000 i 4500
001 1/102144
008 000223m19931994gr | ||| |||| ||gre||
020 |a 9603600377   |q (τ.1) 
020 |a 9603600385   |q (τ.2)  
035 |l 10057962 
040 |a GR-MY-UA  |b gre  |e aacr 
041 0 |a gre 
082 7 |a 372.133209495   |2 (22) 
100 1 |a Γκώνια-Μπότσα, Παγώνα Ν. 
245 1 0 |a Μαθησιακές δραστηριότητες στο νηπιαγωγείο /   |c Παγώνα Ν. Γκώνια-Μπότσα, Δήμητρα Κ. Ραπτοπούλου ; εικονογράφηση: Μανόλης Φραγκούλης.  
260 |a Αθήνα :   |b Πατάκης,   |c 1993-1994.  
300 |a 2 τ. :   |b εικ. ;   |c 28 εκ.  
490 1 |a (Διδακτική πράξη και θεωρία / Πατάκης)  
500 |a Βοήθημα δημιουργικών ασκήσεων για τη νοητική, ψυχοκινητική, λογικομαθηματική, προγραφική, συναισθηματική, αισθητική ανάπτυξη του νηπίου.  
650 0 0 |a Education, Preschool  |z Greece. 
650 0 0 |a Activity programs in education  |z Greece. 
650 0 0 |a Kindergarten facilities  |z Greece. 
700 1 |a Ραπτοπούλου, Δήμητρα Κ. 
700 1 |a Φραγκούλης, Μανόλης,  |e ill 
830 0 |a Διδακτική πράξη και θεωρία (Πατάκης) 
852 |a INST  |b RHODES  |e 20000223  |h 372.133209495 ΓΚΩ  |p 005400013910  |q 005400013910  |t BK  |y 0  |z τ.2 
852 |a INST  |b RHODES  |e 20000223  |h 372.133209495 ΓΚΩ  |p 005400013911  |q 005400013911  |t BK  |y 0  |z τ.1 
852 |a INST  |b RHODES  |e 20000223  |h 372.133209495 ΓΚΩ  |p 005400013910  |q 005400013910  |t BK  |v τ.2:  |y 0  |z τ.2 
852 |a INST  |b RHODES  |e 20000223  |h 372.133209495 ΓΚΩ  |p 005400013911  |q 005400013911  |t BK  |v τ.1:  |y 0  |z τ.1 
853 |a INST  |b RHODES  |h 372.133209495 ΓΚΩ 
901 |a BIBL4-2000-1 
909 |a Ρ  |b 053050 
909 |a Ρ  |b 053051 
922 |a 4ΕΛΗ  |b 199801  |c ΚΠΣ/95  |d EMVASIS 
970 |a ΧΟΡΟΖΙΔΟΥ  |b ΤΖΕΝΗ  |z 2000/02/23